| 000 | 00699nam a2200241 a 4500 | ||
|---|---|---|---|
| 001 | 68007 | ||
| 003 | BD-RjUL | ||
| 005 | 20211209081724.0 | ||
| 008 | 170329s1974 enka 001 0 eng d | ||
| 020 | _a0273252313 | ||
| 035 | _a(BD-RjUL)68216 | ||
| 040 |
_aDLC _cDLC _dDLC _beng |
||
| 041 | _aeng | ||
| 082 | 0 | 0 |
_223 _a629.1331 _bWAR 1974 |
| 100 | 1 |
_aWarring, R. H. _q(Ronald Horace), _d1920- _9201576 |
|
| 245 | 1 | 0 |
_aRadio control for models / _cR. H. Warring. |
| 260 |
_aLondon : _bPitman Pub., _c1974. |
||
| 300 |
_a220 p. : _bill. ; _c25 cm. |
||
| 500 | _aIncludes index. | ||
| 650 | 0 |
_aModels and modelmaking _xRadio control systems. _9201577 |
|
| 942 |
_2ddc _cBK |
||
| 999 |
_c68007 _d68007 |
||